[Event "Campinas Rocha Memorial 1st"]
[Site "Campinas"]
[Date "2011.01.18"]
[Round "6"]
[White "De Nucci, Gilberto"]
[Black "Stamenkovic, Dragan"]
[Result "0-1"]
[WhiteElo "2066"]
[BlackElo "2370"]
[PlyCount "62"]
[EventDate "2011.01.13"]
[EventType "tourn"]
[EventRounds "13"]
[EventCountry "BRA"]
[EventCategory "8"]
[SourceTitle "CBM 140 Extra"]
[Source "ChessBase"]
[SourceDate "2011.03.01"]
[SourceVersion "1"]
[SourceVersionDate "2011.03.01"]
[SourceQuality "1"]

1. d4 Nf6 2. c4 e6 3. Nf3 d5 4. e3 Nbd7 5. Nbd2 Be7 6. b3 0-0 7. Bd3 c5 8. 0-0 b6 9. Bb2 Bb7 10. Rc1 a5 11. a4 Ne4 12. Qe2 cxd4 13. exd4 Nxd2 14. Nxd2 Bg5 15. f4 Bf6 16. Nf3 dxc4 17. Bxc4 Rc8 18. Rfd1 Qe7 19. Ne5 Rfd8 20. Bb5 Nf8 21. Nc4 Bd5 22. Qe3 Qb7 23. Rd2 Ng6 24. g3 Ne7 25. g4 Ng6 26. g5 Be7 27. Qg3 Bb4 28. Re2 Ne7 29. Kf1 Nf5 30. Qg1 Bf3 31. Rec2 Be4 0-1

[Event "Paulista-chT"]
[Site "Sao Paulo"]
[Date "2010.02.27"]
[Round "6"]
[White "De Nucci, Gilberto"]
[Black "Sega, Carlos Alberto"]
[Result "0-1"]
[WhiteElo "2195"]
[BlackElo "2253"]
[PlyCount "68"]
[EventDate "2010.02.20"]
[EventType "team"]
[EventRounds "7"]
[EventCountry "BRA"]
[SourceTitle "EXT 2011"]
[Source "ChessBase"]
[SourceDate "2010.11.26"]
[SourceVersion "1"]
[SourceVersionDate "2010.11.26"]
[SourceQuality "1"]
[WhiteTeam "Ribeirao Preto"]
[BlackTeam "Santos"]
[WhiteTeamCountry "BRA"]
[BlackTeamCountry "BRA"]

1. d4 Nf6 2. c4 e6 3. Nf3 Bb4+ 4. Bd2 Qe7 5. a3 Bxd2+ 6. Qxd2 a5 7. Nc3 0-0 8. e3 d6 9. Be2 b6 10. 0-0 Bb7 11. Qc2 Nbd7 12. b4 e5 13. d5 Ne8 14. Rfd1 f5 15. Rab1 g5 16. Na4 axb4 17. axb4 f4 18. c5 Ba6 19. b5 Bc8 20. cxb6 cxb6 21. Rb4 Bb7 22. exf4 gxf4 23. Nc3 Rc8 24. Rc4 Nef6 25. h3 Kh8 26. Bd3 Rxc4 27. Bxc4 Rc8 28. Qe2 e4 29. Ng5 Ne5 30. Rd4 f3 31. Qa2 Qg7 32. h4 h6 33. Ncxe4 Nxe4 34. Rxe4 hxg5 0-1

[Event "Vanderley Cason Melo Memorial"]
[Site "Campinas"]
[Date "2010.01.17"]
[Round "3"]
[White "De Nucci, Gilberto"]
[Black "Mekhitarian, Krikor Sevag"]
[Result "0-1"]
[WhiteElo "2073"]
[BlackElo "2486"]
[PlyCount "82"]
[EventDate "2010.01.16"]
[EventType "tourn"]
[EventRounds "13"]
[EventCountry "BRA"]
[EventCategory "8"]
[SourceTitle "CBM 134 Extra"]
[Source "ChessBase"]
[SourceDate "2010.03.03"]
[SourceVersion "1"]
[SourceVersionDate "2010.03.03"]
[SourceQuality "1"]

1. d4 Nf6 2. c4 g6 3. Nc3 d5 4. g4 dxc4 5. g5 Nd5 6. Bg2 c6 7. Qa4 Nb6 8. Qa5 Bg7 9. Bf4 0-0 10. Bg3 Nd5 11. Qc5 Na6 12. Qa3 Bxd4 13. Rd1 Bc5 14. Qa4 b5 15. Qc2 Qa5 16. Rd2 Be6 17. Nf3 Rfd8 18. 0-0 Nab4 19. Qb1 Nxc3 20. bxc3 Nd5 21. Qc1 Nxc3 22. Ne5 Rxd2 23. Qxd2 Rd8 24. Qc2 Bf5 25. e4 Bd7 26. Rc1 Bd4 27. Nf3 Bg7 28. Be5 Bxe5 29. Nxe5 b4 30. Nxc4 Qxg5 31. Ne3 Bh3 32. Re1 Bxg2 33. Nxg2 Qd2 34. Qb3 a5 35. Qc4 Qxa2 36. Qxc6 Rd2 37. Qe8+ Kg7 38. Qxe7 Rxf2 39. Qe5+ Rf6 40. Nf4 Qd2 41. Ng2 a4 0-1

[Event "Vanderley Cason Melo Memorial"]
[Site "Campinas"]
[Date "2010.01.17"]
[Round "2"]
[White "Fier, Alexandr"]
[Black "De Nucci, Gilberto"]
[Result "1-0"]
[WhiteElo "2601"]
[BlackElo "2073"]
[PlyCount "87"]
[EventDate "2010.01.16"]
[EventType "tourn"]
[EventRounds "13"]
[EventCountry "BRA"]
[EventCategory "8"]
[SourceTitle "CBM 134 Extra"]
[Source "ChessBase"]
[SourceDate "2010.03.03"]
[SourceVersion "1"]
[SourceVersionDate "2010.03.03"]
[SourceQuality "1"]

1. d4 Nf6 2. Nf3 e6 3. c4 d5 4. Nc3 Be7 5. Bf4 c6 6. e3 Nbd7 7. h3 0-0 8. cxd5 exd5 9. Bd3 Re8 10. 0-0 Nf8 11. Rb1 Ng6 12. Bh2 Bd6 13. Bxd6 Qxd6 14. Qc2 Qe7 15. b4 Bd7 16. b5 cxb5 17. Bxb5 Rac8 18. Qb3 Bxb5 19. Nxb5 a6 20. Nc3 Qd6 21. Rfc1 b5 22. a4 bxa4 23. Nxa4 Rxc1+ 24. Rxc1 Rb8 25. Rc6 Qxc6 26. Qxb8+ Nf8 27. Nc5 N6d7 28. Nxd7 Qxd7 29. Ne5 Qe6 30. Qa8 g5 31. Nd3 Kg7 32. Nc5 Qf5 33. Qxa6 Ng6 34. Qd3 Kf6 35. Qb3 h5 36. Na4 Kg7 37. Nb6 Ne7 38. Qb4 Qe6 39. Qc5 Kg6 40. Qc7 h4 41. Nd7 Kg7 42. Nc5 Qf6 43. Qd8 Kh6 44. Nd7 1-0

[Event "Campinas Rizzoni Memorial 2nd"]
[Site "Campinas"]
[Date "2009.05.05"]
[Round "2"]
[White "Fier, Alexandr"]
[Black "De Nucci, Gilberto"]
[Result "1-0"]
[WhiteElo "2595"]
[BlackElo "2060"]
[PlyCount "123"]
[EventDate "2009.05.04"]
[EventType "tourn"]
[EventRounds "13"]
[EventCountry "BRA"]
[EventCategory "6"]
[SourceTitle "CBM 130 Extra"]
[Source "ChessBase"]
[SourceDate "2009.07.02"]
[SourceVersion "2"]
[SourceVersionDate "2009.07.15"]
[SourceQuality "1"]

1. d4 Nf6 2. c4 c5 3. d5 e5 4. Nc3 d6 5. g3 g6 6. Bg2 Bg7 7. e4 Nbd7 8. Nf3 a6 9. 0-0 Rb8 10. a4 b6 11. Ne1 0-0 12. f4 exf4 13. gxf4 Ne8 14. Nd3 Nc7 15. Be3 Re8 16. Bf2 b5 17. axb5 axb5 18. cxb5 Nxb5 19. Nxb5 Rxb5 20. Qc2 Nf6 21. Qc4 Ra5 22. Bh4 Ba6 23. Qc2 Qb6 24. Rae1 Ng4 25. Kh1 Bd4 26. Qd2 c4 27. Nb4 c3 28. bxc3 Bxf1 29. Rxf1 Ne3 30. cxd4 Nxf1 31. Bxf1 Rxe4 32. Bf2 Ra1 33. Kg2 Re8 34. Qc3 Rea8 35. f5 Kg7 36. Qd2 f6 37. fxg6 hxg6 38. Bd3 Rb8 39. Nc2 Ra2 40. Qf4 Qc7 41. Qg3 Qf7 42. Qxd6 Rbb2 43. Qc6 Qb7 44. Qc5 Rb3 45. Qc4 Rbb2 46. Kf3 Ra5 47. Ne3 Qd7 48. Bg3 Ra3 49. d6 Rb7 50. Bc2 Qe8 51. Bf2 Rd7 52. Qc5 Qa8+ 53. Be4 Qa5 54. Qxa5 Rxa5 55. Bg3 f5 56. Bc6 Rd8 57. Nc4 Ra6 58. Bb5 Ra1 59. Bh4 Rb8 60. d7 Rb1 61. Ba6 R8b3+ 62. Kg2 1-0

[Event "Campinas IRT LCX 07th"]
[Site "Campinas"]
[Date "2008.04.05"]
[Round "2"]
[White "De Nucci, Gilberto"]
[Black "Segal, Alexandru Sorin"]
[Result "1/2-1/2"]
[WhiteElo "1990"]
[BlackElo "2233"]
[PlyCount "32"]
[EventDate "2008.04.05"]
[EventType "tourn"]
[EventRounds "11"]
[EventCountry "BRA"]
[SourceTitle "EXT 2022"]
[Source "ChessBase"]
[SourceDate "2021.10.06"]
[SourceVersion "1"]
[SourceVersionDate "2021.10.06"]
[SourceQuality "1"]

1. Nf3 Nf6 2. c4 e6 3. Nc3 d5 4. d4 Be7 5. e3 0-0 6. Bd3 c6 7. 0-0 Nbd7 8. cxd5 exd5 9. Qc2 g6 10. e4 dxe4 11. Nxe4 Nxe4 12. Bxe4 Nf6 13. Bh6 Re8 14. Rfe1 Nxe4 15. Qxe4 Bf5 16. Qf4 Qd5 1/2-1/2

[Event "Campinas IRT LCX 07th"]
[Site "Campinas"]
[Date "2008.04.05"]
[Round "1"]
[White "Name, Gabriel Ricardo"]
[Black "De Nucci, Gilberto"]
[Result "1-0"]
[WhiteElo "2243"]
[BlackElo "1990"]
[PlyCount "77"]
[EventDate "2008.04.05"]
[EventType "tourn"]
[EventRounds "11"]
[EventCountry "BRA"]
[SourceTitle "EXT 2022"]
[Source "ChessBase"]
[SourceDate "2021.10.06"]
[SourceVersion "1"]
[SourceVersionDate "2021.10.06"]
[SourceQuality "1"]

1. d4 Nf6 2. c4 e6 3. a3 d5 4. Nf3 c6 5. Qc2 Bd6 6. Bg5 Nbd7 7. e3 h6 8. Bh4 0-0 9. Nc3 Re8 10. cxd5 exd5 11. Bd3 Nb6 12. Bg3 Be6 13. Bxd6 Qxd6 14. 0-0 Rac8 15. b4 Nc4 16. h3 b5 17. Bxc4 dxc4 18. e4 Qf4 19. Qc1 Nh5 20. a4 a6 21. axb5 axb5 22. d5 cxd5 23. exd5 Bd7 24. Ra7 Rcd8 25. Qxf4 Nxf4 26. Nd4 Re5 27. Nc6 Bxc6 28. dxc6 Nd3 29. Rd7 Rc8 30. c7 Nxb4 31. Nxb5 Rd5 32. Rd1 Rxd1+ 33. Rxd1 Nd3 34. Rd2 g6 35. Rc2 Nb4 36. Rxc4 Na6 37. Rc6 Nxc7 38. Rxc7 Rb8 39. Nc3 1-0